Cours élémentaire de mathématiques (Record no. 46253)

MARC details
000 -LEADER
campo de control de longitud fija 00567nam a2200169 i 4500
001 - NÚMERO DE CONTROL
campo de control 46253
003 - IDENTIFICADOR DE NÚMERO DE CONTROL
campo de control ES-MaACL
005 - FECHA Y HORA DE LA ÚLTIMA TRANSACCIÓN
campo de control 20230906161342.0
007 - CAMPO FIJO DE DESCRIPCIÓN FÍSICA--INFORMACIÓN GENERAL
campo de control de longitud fija t|
008 - DATOS DE LONGITUD FIJA--INFORMACIÓN GENERAL
campo de control de longitud fija 030328s1906 fr ||||1| fre d
245 00 - MENCIÓN DEL TÍTULO
Título Cours élémentaire de mathématiques
Resto del título : compléments de trigonométrie et méthodes pour la résolution des problemes /
Mención de responsabilidad, etc. par F.G.M. [texte imprimé].
260 ## - PUBLICACIÓN, DISTRIBUCIÓN, ETC.
Lugar de publicación, distribución, etc. Tours :
Nombre del editor, distribuidor, etc. A. Mame et fils,
Fecha de publicación, distribución, etc. [1906]
300 ## - DESCRIPCIÓN FÍSICA
Extensión XVI, 800 p. :
Otras características físicas il. ;
Dimensiones 21 cm.
500 ## - NOTA GENERAL
Nota general Ejemplar falto de portada.
700 1# - ENTRADA AGREGADA--NOMBRE PERSONAL
Nombre de persona F. G. M.
9 (RLIN) 48484
852 ## - LOCALIZACIÓN
Ubicación ES-MaACL
Número de control de estantería F-4018
Holdings
Estatus retirado Estado de pérdida Estado de daño No para préstamo Biblioteca de origen Biblioteca actual Ubicación en estantería Fecha de adquisición Fuente de adquisición Total de préstamos Signatura topográfica completa Código de barras Visto por última vez Precio de reemplazo Tipo de ítem Koha
        Biblioteca del Ateneo de Madrid Biblioteca del Ateneo de Madrid Depósito 2 17/01/2008     F-4018 1048650 23/02/2023 23/02/2023 Libro impreso